BHARTIYA SHIKSHA KA BHARTIYAKARAN (Record no. 8566)

MARC details
000 -LEADER
fixed length control field 00362nam a22001457a 4500
005 - DATE AND TIME OF LATEST TRANSACTION
control field 20240708122446.0
008 - FIXED-LENGTH DATA ELEMENTS--GENERAL INFORMATION
fixed length control field 240708b |||||||| |||| 00| 0 eng d
020 ## - INTERNATIONAL STANDARD BOOK NUMBER
ISBN 978-93-92813-33-7
041 ## - LANGUAGE CODE
Language code of text/sound track or separate title eng
100 ## - MAIN ENTRY--AUTHOR NAME
Personal name SONI. SURESH
245 ## - TITLE STATEMENT
Title BHARTIYA SHIKSHA KA BHARTIYAKARAN
260 ## - PUBLICATION, DISTRIBUTION, ETC. (IMPRINT)
Place of publication NAGPUR
Name of publisher SHREE BHARTI PRAKASHAN
300 ## - PHYSICAL DESCRIPTION
Number of Pages 23; P
942 ## - ADDED ENTRY ELEMENTS (KOHA)
Koha item type Books
Holdings
Lost status Damaged status Home library Current library Shelving location Date acquired Source of acquisition Cost, normal purchase price Accession Number Koha item type
    JRU Library JRU Library SHELF-44-L 08/07/2024 PURCHASE 30.00 28269 Books
    JRU Library JRU Library SHELF-44-L 08/07/2024 PURCHASE 30.00 28270 Books